Historia de la iglesia medieval
Պահպանված է:
| Հիմնական հեղինակ: | |
|---|---|
| Ձևաչափ: | Գիրք |
| Լեզու: | իսպաներեն |
| Հրապարակվել է: |
Barcelona
Herder
1988
|
| Շարք: | Biblioteca de teología. Panorama actual del pensamiento cristiano, 11
|
| Խորագրեր: | |
| Ցուցիչներ: |
Ավելացրեք ցուցիչ
Չկան պիտակներ, Եղեք առաջինը, ով նշում է այս գրառումը!
|
MARC
| LEADER | 00000nam a2200000 a 4500 | ||
|---|---|---|---|
| 001 | UCX2399 | ||
| 003 | CL-VaPUC | ||
| 008 | 910510e19880000SP |||||||||||||||||spa|d | ||
| 082 | 0 | 4 | |a 270.5 |b FRA |2 21 |
| 100 | 0 | |a Frank, Isnard Wilhelm |e author |9 318327 | |
| 245 | 1 | 0 | |a Historia de la iglesia medieval |
| 300 | |a 251 p | ||
| 942 | |c BK | ||
| 945 | |d 19910510 00:00:00 | ||
| 260 | |a Barcelona |b Herder |c 1988 | ||
| 650 | 0 | |a Iglesia |9 255004 | |
| 650 | 7 | |a HISTORIA EDAD MEDIA |2 CL-VaPUC |9 314991 | |
| 583 | |a last modification |c 19910510 00:00:00 |k Rodrigo Vera | ||
| 490 | 0 | |a Biblioteca de teología. Panorama actual del pensamiento cristiano, 11 | |
| 999 | |c 223431 |d 223429 | ||
| 952 | |0 0 |1 0 |4 0 |6 270_500000000000000_FRA_1988 |7 0 |8 A |9 219207 |a BIBTEO |b BIBTEO |d 2019-11-15 |i 2879719 |o 270.5 FRA 1988 |p 2879719 |r 2025-01-17 |w 2019-11-15 |y BK |k ICR | ||
| 952 | |0 0 |1 0 |4 0 |6 270_500000000000000_FRA_1988 |7 0 |8 A |9 219208 |a BIBTEO |b BIBTEO |d 2019-11-15 |i 2879727 |o 270.5 FRA 1988 |p 2879727 |r 2025-01-17 |w 2019-11-15 |y BK |k ICR | ||